000 00362 a2200157 4500
001 170013
020 _a
040 _cMagnum
100 _aIacocca, Liliana
240 1 0 _aMao e contramao: a aventura do transito
_lpor
245 1 0 _aMao e contramao: a aventura do transito
362 0 _a1899
440 1 _aÁtica
697 _aIJ/PARADIDATICO
942 _cBK
999 _c170013
_d170013